<?xml version="1.0" encoding="UTF-8"?><?xml-stylesheet type="text/xsl" href="static/style.xsl"?><OAI-PMH xmlns="http://www.openarchives.org/OAI/2.0/" xmlns:xsi="http://www.w3.org/2001/XMLSchema-instance" xsi:schemaLocation="http://www.openarchives.org/OAI/2.0/ http://www.openarchives.org/OAI/2.0/OAI-PMH.xsd"><responseDate>2026-06-01T02:20:01Z</responseDate><request verb="GetRecord" identifier="oai:riuma.uma.es:10630/11756" metadataPrefix="marc">https://riuma.uma.es/rest/oai/request</request><GetRecord><record><header><identifier>oai:riuma.uma.es:10630/11756</identifier><datestamp>2026-02-03T10:19:26Z</datestamp><setSpec>com_10630_1685</setSpec><setSpec>col_10630_38055</setSpec></header><metadata><record xmlns="http://www.loc.gov/MARC21/slim" xmlns:dcterms="http://purl.org/dc/terms/" xmlns:doc="http://www.lyncode.com/xoai" xmlns:xsi="http://www.w3.org/2001/XMLSchema-instance" xsi:schemaLocation="http://www.loc.gov/MARC21/slim http://www.loc.gov/standards/marcxml/schema/MARC21slim.xsd">
   <leader>00925njm 22002777a 4500</leader>
   <datafield ind2=" " ind1=" " tag="042">
      <subfield code="a">dc</subfield>
   </datafield>
   <datafield ind2=" " ind1=" " tag="720">
      <subfield code="a">Román-Romero, M. Dolores</subfield>
      <subfield code="e">author</subfield>
   </datafield>
   <datafield ind2=" " ind1=" " tag="260">
      <subfield code="c">2016-07-05</subfield>
   </datafield>
   <datafield ind2=" " ind1=" " tag="520">
      <subfield code="a">Este trabajo fin de grado trata sobre la implementación de un simulador cinemático de un robot manipulador industrial, orientado al aprendizaje de los principios de programación y desarrollado mediante la herramienta de software matemático MATLAB, dicho simulador debe tener como características principales ser capaz de emular las características de programación que incorporan los lenguajes a nivel robot y resultar fácilmente accesible a los alumnos de las ingenierías.&#xd;
Asimismo, el simulador tendrá la capacidad de definir los objetos que integran el entorno físico que rodean al robot con el objeto de simular la interacción cinemática del brazo manipulador con dicho entorno.&#xd;
Para ello, primero se realizará un estudio de los lenguajes de nivel robot, en este caso concreto V+, con el objeto de elaborar un catálogo de funciones y estructuras relevantes, concretamente se trataran las estructuras de datos, funciones del robot, etc. A partir de estos, se elaborarán las especificaciones que debe cumplir el simulador cinemático.&#xd;
Por último se realizarán unas prácticas sobre el simulador orientadas al aprendizaje y elaboración de los manuales de usuario del mismo.</subfield>
   </datafield>
   <datafield ind1="8" ind2=" " tag="024">
      <subfield code="a">http://hdl.handle.net/10630/11756</subfield>
   </datafield>
   <datafield tag="653" ind2=" " ind1=" ">
      <subfield code="a">Grado en Ingeniería de Computadores - Trabajos Fin de Grado</subfield>
   </datafield>
   <datafield tag="653" ind2=" " ind1=" ">
      <subfield code="a">Informática - Trabajos Fin de Grado</subfield>
   </datafield>
   <datafield tag="653" ind2=" " ind1=" ">
      <subfield code="a">Matlab</subfield>
   </datafield>
   <datafield tag="653" ind2=" " ind1=" ">
      <subfield code="a">Simuladores</subfield>
   </datafield>
   <datafield tag="653" ind2=" " ind1=" ">
      <subfield code="a">Robots industriales</subfield>
   </datafield>
   <datafield ind2="0" ind1="0" tag="245">
      <subfield code="a">Simulador cinemático de un robot manipulador industrial</subfield>
   </datafield>
</record>
</metadata></record></GetRecord></OAI-PMH>